Pays du monde par rapport à leurs capitales - Statistiques

Statistiques générales
  • Ce quiz a été pris 91 fois
  • Le résultat moyen est 110 sur 196
Statistiques - réponses
Réponse % Correct
Alger Algérie
96%
Bloemfontein / Le Cap / Pretoria Afrique du Sud
88%
Le Caire Egypte
85%
Washington D.C. Etats-Unis
82%
Mexico City Mexique
82%
Buenos Aires Argentine
81%
Brasilia Brésil
81%
Ottawa Canada
79%
Tunis Tunisie
79%
Dakar Sénégal
76%
Berlin Allemagne
75%
Djibouti Djibouti
75%
Paris France
75%
Rome Italie
75%
Rabat Maroc
75%
Londres Royaume-Uni
75%
Bruxelles Belgique
73%
Pékin Chine
73%
Madrid Espagne
73%
Athènes Grèce
73%
Guatemala City Guatemala
73%
Tokyo Japon
73%
Luxembourg Luxembourg
73%
Monaco Monaco
73%
Panama City Panama
73%
Lisbonne Portugal
73%
Moscou Russie
73%
Vatican City Vatican
73%
Vienne Autriche
72%
Séoul Corée du Sud
72%
La Havane Cuba
72%
New Dehli Inde
72%
Amsterdam Pays-Bas
72%
Kiev Ukraine
72%
Andorre-la-Vieille Andorre
70%
Canberra Australie
70%
Copenhague Danemark
70%
Lima Pérou
70%
Brazzaville République du Congo
70%
Santiago Chili
69%
Bogota Colombie
69%
Bissau Guinée-Bissau
69%
Budapest Hongrie
69%
Dublin Irlande
69%
Saint-Marin Saint-Marin
69%
Sofia Bulgarie
67%
Pyongyang Corée du Nord
67%
Zagreb Croatie
67%
Jérusalem Israël
67%
Oslo Norvège
67%
Varsovie Pologne
67%
Kinshasa République démocratique du Congo
67%
Bucarest Roumanie
67%
Berne Suisse
67%
Helsinki Finlande
66%
Reykjavik Islande
66%
Bamako Mali
66%
Prague République Tchèque
66%
Singapour Singapour
66%
Stockholm Suède
66%
Kaboul Afghanistan
64%
La Paz / Sucre Bolivie
64%
Jakarta Indonésie
64%
San Salvador Salvador
64%
Ljubljana Slovénie
64%
Bangkok Thaïlande
64%
Tirana Albanie
63%
Riyad Arabie Saoudite
63%
Tallinn Estonie
63%
Port-au-Prince Haïti
63%
Koweït Koweït
63%
Riga Lettonie
63%
Tripoli Libye
63%
Vilnius Lituanie
63%
La Valette Malte
63%
São Tomé São Tomé-et-Principe
63%
Luanda Angola
61%
Minsk Biélorussie
61%
Yaoundé Cameroun
61%
Bagdad Irak
61%
Téhéran Iran
61%
Nairobi Kenya
61%
Beyrouth Liban
61%
Wellington Nouvelle-Zélande
61%
Belgrade Serbie
61%
Montevideo Uruguay
61%
Addis-Abeba Ethiopie
60%
Conakry Guinée
60%
Kingston Jamaïque
60%
Doha Qatar
60%
Bratislava Slovaquie
60%
Asuncion Paraguay
58%
Caracas Venezuela
58%
Porto-Novo Bénin
57%
Sarajevo Bosnie-Herzégovine
57%
Ouagadougou Burkina Faso
57%
Abou Dabi Emirats Arabes Unis
57%
Tbilissi Géorgie
57%
Ankara Turquie
57%
Hanoï Viêt Nam
57%
Nicosie Chypre
55%
Antananarivo Madagascar
55%
Saint-Domingue République Dominicaine
55%
Damas Syrie
55%
Praia Cap-Vert
54%
Yamoussoukro Côte d'Ivoire
54%
Quito Equateur
54%
Libreville Gabon
54%
Vaduz Liechtenstein
54%
Skopje Macédoine du Nord
54%
Kuala Lumpur Malaisie
54%
Moroni Comores
52%
Chisinau Moldavie
52%
Islamabad Pakistan
52%
Manille Philippines
52%
Khartoum Soudan
52%
Lusaka Zimbabwe
52%
Bakou Azerbaïdjan
51%
Erevan Arménie
49%
Nassau Bahamas
49%
Phnom Penh Cambodge
49%
Sri Jayawardenapura Kotte Sri Lanka
49%
Taïpei Taïwan
49%
Lomé Togo
49%
Harare Zambie
49%
Malabo Guinée Equatoriale
48%
Amman Jordanie
48%
Pristina Kosovo
48%
Dacca Bangladesh
46%
San José Costa Rica
46%
Roseau Dominique
46%
Asmara Erythrée
46%
Accra Ghana
46%
Podgorica Monténégro
46%
Katmandou Népal
46%
Abuja Nigeria
46%
Freetown Sierra Leone
46%
Mogadiscio Somalie
46%
Saint-John's Antigua-et-Barbuda
45%
Belmopan Belize
45%
Gaborone Botswana
45%
Tegucigalpa Honduras
45%
Port-Louis Maurice
45%
Nouakchott Mauritanie
45%
Oulan-Bator Mongolie
45%
Windhoek Namibie
45%
Niamey Niger
45%
Tachkent Ouzbékistan
45%
Kigali Rwanda
45%
Djouba Soudan du Sud
45%
N'Djaména Tchad
45%
Sanaa Yémen
45%
Suva Fidji
43%
Banjul Gambie
43%
Astana Kazakhstan
43%
Vientiane Laos
43%
Maputo Mozambique
43%
Managua Nicaragua
43%
Kampala Ouganda
43%
Paramaribo Suriname
43%
Dodoma Tanzanie
43%
Mbabane Eswatini
42%
Lilongwé Malawi
42%
Mascate Oman
42%
Victoria Seychelles
42%
Bridgetown Barbade
40%
Naypyidaw Birmanie (Myanmar)
40%
Bichkek Kirghizistan
40%
Monrovia Liberia
40%
Bangui République Centrafricaine
40%
Basseterre Saint-Christophe-et-Niévès
40%
Castries Sainte-Lucie
40%
Gitega Burundi
39%
Thimphou Bhoutan
37%
Georgetown Guyana
37%
Nuku'Alofa Tonga
37%
Achgabat Turkménistan
37%
Port-Vila Vanuatu
37%
Maseru Lesotho
36%
Malé Maldives
36%
Kingstown Saint-Vincent-et-les-Grenadines
36%
Douchanbé Tadjikistan
36%
Yaren Nauru
34%
Funafuti Tuvalu
34%
Manama Bahreïn
33%
Bandar Seri Begawan Brunei
33%
Port-d'Espagne Trinité-et-Tobago
33%
Palikir Etats fédérés de Micronésie
31%
Majuro Îles Marshall
31%
Port-Moresby Papouasie Nouvelle-Guinée
31%
Apia Samoa
31%
Saint-Georges Grenade
30%
Tarawa-Sud Kiribati
30%
Dili Timor Oriental
30%
Honiara Îles Salomon
28%
Ngerulmud Palaos
27%
Aucun quiz correspondant
Distribution des résultats
% des personnes avec chaque résultat
Percentile par nombre de réponses
Votre historique - résultats
Vous n’avez pas pris ce quiz